000 00262nam a22001097a 4500
082 _a158 CAR
100 _aCARNEGIE, DALE
_98826
245 _aHOW TO WIN FRIENDS AND INFLUENCE PEOPLE
260 _aNEWYORK
_bA KANGAROO BOOKS
_c1977
300 _a264P
942 _cBK
999 _c582360
_d582360